000 00370nam a22001457a 4500
008 241009b ||||| |||| 00| 0 eng d
020 _a9789951596497
041 _aSHQIP
080 _22011
_a38.1IAP
082 _a38.1IAP
100 _a38
101 _aIAP
245 _aNJE JETE NDERMJET SHKENCES DHE ATDHETARISE
_cINSTITUTI ALBANOLOGJIK PRISHTINE
942 _2udc
_cBK
999 _c60632
_d60632